<?xml version="1.0" encoding="UTF-8"?>
<record
    xmlns:xsi="http://www.w3.org/2001/XMLSchema-instance"
    xsi:schemaLocation="http://www.loc.gov/MARC21/slim http://www.loc.gov/standards/marcxml/schema/MARC21slim.xsd"
    xmlns="http://www.loc.gov/MARC21/slim">

  <leader>02182nam a22003257a 4500</leader>
  <controlfield tag="001">168</controlfield>
  <controlfield tag="003">OSt</controlfield>
  <controlfield tag="005">20250528074013.0</controlfield>
  <controlfield tag="008">250130b        |||||||g |||| 00| 1 eng d</controlfield>
  <datafield tag="020" ind1=" " ind2=" ">
    <subfield code="a">85010560X</subfield>
  </datafield>
  <datafield tag="040" ind1=" " ind2=" ">
    <subfield code="b">por</subfield>
  </datafield>
  <datafield tag="041" ind1=" " ind2=" ">
    <subfield code="h">eng</subfield>
    <subfield code="a">por</subfield>
  </datafield>
  <datafield tag="082" ind1=" " ind2=" ">
    <subfield code="a">813</subfield>
    <subfield code="b">C771.1v</subfield>
  </datafield>
  <datafield tag="100" ind1="1" ind2=" ">
    <subfield code="a">Cook, Robin,</subfield>
    <subfield code="d">1940-</subfield>
    <subfield code="9">318</subfield>
  </datafield>
  <datafield tag="240" ind1=" " ind2=" ">
    <subfield code="a">Vector</subfield>
  </datafield>
  <datafield tag="245" ind1=" " ind2=" ">
    <subfield code="a">Vetor /</subfield>
    <subfield code="c">Cook, Robin ; Tradu&#xE7;&#xE3;o de Fl&#xE1;via Villas-boas</subfield>
  </datafield>
  <datafield tag="260" ind1=" " ind2=" ">
    <subfield code="a">Rio de Janeiro</subfield>
    <subfield code="b">Record</subfield>
    <subfield code="c">2000</subfield>
  </datafield>
  <datafield tag="300" ind1=" " ind2=" ">
    <subfield code="a">460 p.</subfield>
  </datafield>
  <datafield tag="490" ind1="1" ind2=" ">
    <subfield code="a">Jack Stapleton &amp; Laurie Montgomery </subfield>
    <subfield code="v">Livro 04</subfield>
  </datafield>
  <datafield tag="520" ind1=" " ind2=" ">
    <subfield code="a">Realidade: Outubro de 1999. Alarmados pela s&#xE9;rie de mortes causadas pela febre do Nilo, agentes do FBI investigam a possibilidade de a recente epidemia ter sido provocada por um ataque biol&#xF3;gico terrorista.
Fic&#xE7;&#xE3;o: Novembro de 1999. Em "Vetor', Robin Cook narra a trama de vingan&#xE7;a de um ex-t&#xE9;cnico russo em armas qu&#xED;micas contra o pa&#xED;s que o adotou com a falsa promessa do sonho americano. Realidade e fic&#xE7;&#xE3;o em torno do mesmo tema: o terrorismo biol&#xF3;gico. Em total sintonia com os fatos do cotidiano, Robin Cook mostra mais uma vez, ser o grande mestre do "thriller" m&#xE9;dico-cient&#xED;fico.
O russo tem conhecimento t&#xE9;cnico suficiente para desforrar-se em larga escala dos Estados Unidos. Unindo-se a terroristas e a "skinheads" neonazistas, consegue a mat&#xE9;ria prima de que precisa para provocar uma cat&#xE1;strofe na Big Apple. Somente dois legistas, o Dr. Jack Stapleton e a Dra. Laura Montgomery - personagens de Cook em "Cromossomo 6" -, podem salvar a metr&#xF3;pole de um ataque fatal com armas biol&#xF3;gicas. Desconfiado de dois diagn&#xF3;sticos raros que passam pelas suas m&#xE3;os, a dupla resolve investigar. Mas ter&#xE3;o tempo de solucionar o quebra-cabe&#xE7;a antes do ataque final?
"Vetor" &#xE9; um romance empolgante e assustador. Fic&#xE7;&#xE3;o que, muitos temem, em breve poder&#xE1; se transformar em realidade.</subfield>
  </datafield>
  <datafield tag="650" ind1=" " ind2="0">
    <subfield code="a">Literatura Americana</subfield>
    <subfield code="9">84</subfield>
  </datafield>
  <datafield tag="650" ind1=" " ind2="0">
    <subfield code="a">Medicina</subfield>
    <subfield code="9">319</subfield>
  </datafield>
  <datafield tag="650" ind1=" " ind2="0">
    <subfield code="a">Fic&#xE7;&#xE3;o Cient&#xED;fica </subfield>
    <subfield code="9">63</subfield>
  </datafield>
  <datafield tag="650" ind1=" " ind2="0">
    <subfield code="a">Politica</subfield>
    <subfield code="9">138</subfield>
  </datafield>
  <datafield tag="650" ind1=" " ind2="0">
    <subfield code="a">Mist&#xE9;rio</subfield>
    <subfield code="9">42</subfield>
  </datafield>
  <datafield tag="655" ind1=" " ind2="0">
    <subfield code="a">Romance</subfield>
    <subfield code="9">23</subfield>
  </datafield>
  <datafield tag="655" ind1=" " ind2="0">
    <subfield code="a">Fic&#xE7;&#xE3;o </subfield>
    <subfield code="9">22</subfield>
  </datafield>
  <datafield tag="830" ind1=" " ind2=" ">
    <subfield code="a">Jack Stapleton and Laurie Montgomery</subfield>
    <subfield code="v">Livro 04</subfield>
    <subfield code="9">320</subfield>
  </datafield>
  <datafield tag="942" ind1=" " ind2=" ">
    <subfield code="2">ddc</subfield>
    <subfield code="n">0</subfield>
    <subfield code="c">BK</subfield>
  </datafield>
  <datafield tag="952" ind1=" " ind2=" ">
    <subfield code="0">0</subfield>
    <subfield code="1">0</subfield>
    <subfield code="2">ddc</subfield>
    <subfield code="4">0</subfield>
    <subfield code="7">0</subfield>
    <subfield code="8">FIC</subfield>
    <subfield code="a">BIBIB</subfield>
    <subfield code="b">BIBIB</subfield>
    <subfield code="c">LE</subfield>
    <subfield code="d">2010-03-22</subfield>
    <subfield code="e">doa&#xE7;&#xE3;o</subfield>
    <subfield code="l">0</subfield>
    <subfield code="o">813 / C771.1v</subfield>
    <subfield code="p">2025-13975</subfield>
    <subfield code="r">2025-01-30 08:38:02</subfield>
    <subfield code="w">2025-01-30</subfield>
    <subfield code="y">BK</subfield>
  </datafield>
  <datafield tag="999" ind1=" " ind2=" ">
    <subfield code="c">168</subfield>
    <subfield code="d">168</subfield>
  </datafield>
</record>
